000 00244nam a22001097a 4500
008 170126b xxu||||| |||| 00| 0 eng d
020 _a9780397587711
041 _aeng
080 _a61
245 _aDIARRHEAL DISEASE
_cGRACEY, M
942 _2udc
_cBK
999 _c3753
_d3753